00242nam a2200109Ia 4500003000400000008004100004100002200045245003200067260001600099260000900115300000800124SEM141116s9999 xx 000 0 und d aNavasargian Alice aArmenian women of the stage aCalifornia  c1999 a303